00493 2200181 4500001002100000005001500021035002000036007000300056008004100059020001800100082001000118084001600128100001800144245007500162260002800237300002400265650002200289INLIS00000000000142320260428033905 a0010-0426000006ta260428 0 ind  a9786237351542 a158.1 a158.1 KIM s0 aKim Sang-hyun1 aSiapa yang Datang ke Pemakamanku Saat Aku Mati Nanti? /cKim Sang-hyun aPonorogo :bHaru,c2024 a168 hlm ;c19x13 cm aPENGEMBANGAN DIRI